[Event "13. Open de la Constitucion 2011"]
[Site "San Sebastian de los ReyesESP"]
[Date "2011.12.02"]
[Round "1.33"]
[White "Carballido Mateo, Ignacio"]
[Black "Orellana Illescas, Julio"]
[Result "0-1"]
[WhiteElo "1500"]
[BlackElo "1787"]
[PlyCount "25"]
[EventDate "2011.12.02"]
[EventType "swiss"]
[EventRounds "9"]
[EventCountry "ESP"]
[Source "lmi"]
[SourceDate "2011.12.02"]

1. b3 e5 2. Bb2 Nc6 3. e3 d5 4. c4 Nf6 5. cxd5 Nxd5 6. Bb5 Ndb4 7. Bxc6+ bxc6
8. d4 Bf5 9. Na3 Nd3+ 10. Ke2 Nxb2 11. Qc1 Bd3+ 12. Kf3 Qf6+ 13. Kg3 0-1

[Event "13. Open de la Constitucion 2011"]
[Site "San Sebastian de los ReyesESP"]
[Date "2011.12.03"]
[Round "2.22"]
[White "Perez Alvarez, Javier"]
[Black "Bachiller Guitian, Eduardo"]
[Result "1-0"]
[WhiteElo "1810"]
[BlackElo "1423"]
[PlyCount "55"]
[EventDate "2011.12.02"]
[EventType "swiss"]
[EventRounds "9"]
[EventCountry "ESP"]
[Source "lmi"]
[SourceDate "2011.12.02"]

1. e4 e5 2. Nf3 Nc6 3. d4 exd4 4. Nxd4 Bc5 5. Be3 Nf6 6. Nxc6 dxc6 7. Qxd8+
Kxd8 8. Bxc5 Nxe4 9. Be3 Re8 10. Nd2 Nf6 11. O-O-O Bg4 12. f3 Bd7 13. Bg5 Kc8
14. Bxf6 gxf6 15. Ne4 Re6 16. Nc5 Re7 17. Nxd7 Rxd7 18. Rxd7 Kxd7 19. Bd3 Rg8
20. Bf5+ Ke7 21. g4 h6 22. Re1+ Kd8 23. Rd1+ Ke8 24. Rd7 h5 25. Rxc7 hxg4 26.
Rc8+ Ke7 27. Rxg8 gxf3 28. Rg3 1-0

[Event "13. Open de la Constitucion 2011"]
[Site "San Sebastian de los ReyesESP"]
[Date "2011.12.03"]
[Round "2.31"]
[White "Alfaya Marcelo, Roberto"]
[Black "Carballido Mateo, Ignacio"]
[Result "1-0"]
[WhiteElo "1652"]
[BlackElo "1500"]
[PlyCount "89"]
[EventDate "2011.12.02"]
[EventType "swiss"]
[EventRounds "9"]
[EventCountry "ESP"]
[Source "lmi"]
[SourceDate "2011.12.02"]

1. e4 c5 2. Nf3 d6 3. d4 cxd4 4. Nxd4 Nf6 5. Nc3 Nc6 6. Be2 g6 7. Be3 Bg7 8.
O-O Bd7 9. f4 a6 10. Kh1 O-O 11. Bf3 e5 12. Nb3 Be6 13. Qd2 Bg4 14. Rad1 Bxf3
15. Rxf3 Ng4 16. Bg1 exf4 17. Qxf4 Nce5 18. Rff1 Qh4 19. Na5 b6 20. Bxb6 Bh6
21. Qg3 Qxg3 22. hxg3 Be3 23. Nd5 Nf2+ 24. Rxf2 Bxf2 25. Bxf2 f5 26. exf5 Rae8
27. f6 Ng4 28. Ne7+ Kf7 29. Bd4 Nxf6 30. Bxf6 Kxf6 31. Nac6 Rxe7 32. Nxe7 Kxe7
33. Rd2 Ke6 34. Kg1 d5 35. Rf2 Rxf2 36. Kxf2 Ke5 37. Ke3 g5 38. c3 h5 39. b4
Kf5 40. Kf3 Ke5 41. a4 d4 42. cxd4+ Kxd4 43. b5 axb5 44. axb5 g4+ 45. Kf4 1-0

[Event "13. Open de la Constitucion 2011"]
[Site "San Sebastian de los ReyesESP"]
[Date "2011.12.04"]
[Round "3.24"]
[White "Martinez Montalvo, Eduardo"]
[Black "Prieto Velasco, Rafael"]
[Result "1-0"]
[WhiteElo "1787"]
[BlackElo "1781"]
[PlyCount "55"]
[EventDate "2011.12.02"]
[EventType "swiss"]
[EventRounds "9"]
[EventCountry "ESP"]
[Source "lmi"]
[SourceDate "2011.12.02"]

1. e4 e6 2. b3 d5 3. Bb2 Nf6 4. e5 Nfd7 5. Qg4 c5 6. f4 Nc6 7. Nf3 d4 8. c3
dxc3 9. dxc3 a6 10. Nbd2 Ne7 11. c4 Qa5 12. Bd3 Nb8 13. O-O Nbc6 14. a3 Bd7 15.
Kh1 Qc7 16. Ng5 h5 17. Qg3 g6 18. Nde4 Nf5 19. Nf6+ Ke7 20. Bxf5 gxf5 21. Rad1
h4 22. Qe3 Nd4 23. Bxd4 cxd4 24. Rxd4 Bc6 25. Rfd1 Bh6 26. Rd7+ Qxd7 27. Nxd7
Rad8 28. Qc5+ 1-0

[Event "13. Open de la Constitucion 2011"]
[Site "San Sebastian de los ReyesESP"]
[Date "2011.12.04"]
[Round "3.27"]
[White "Bachiller Guitian, Eduardo"]
[Black "Farmer Negrini, Leo"]
[Result "0-1"]
[WhiteElo "1423"]
[BlackElo "1790"]
[PlyCount "62"]
[EventDate "2011.12.02"]
[EventType "swiss"]
[EventRounds "9"]
[EventCountry "ESP"]
[Source "lmi"]
[SourceDate "2011.12.02"]

1. b3 Nf6 2. e3 b6 3. Nf3 Bb7 4. Bb2 e6 5. d3 Bc5 6. c4 d5 7. Nbd2 O-O 8. Be2
Nc6 9. O-O Re8 10. Ne5 d4 11. Nxc6 Bxc6 12. Nf3 dxe3 13. fxe3 Bxe3+ 14. Kh1 Ng4
15. Qe1 Qd6 16. g3 Qc5 17. d4 Qh5 18. h4 g5 19. Kg2 gxh4 20. gxh4 Qg6 21. Qg3
Bh6 22. Kh3 f5 23. Ne5 Nxe5 24. Qxg6+ Nxg6 25. Rg1 Kf7 26. Kg3 Bf4+ 27. Kh3 Be3
28. Rge1 Nf4+ 29. Kg3 Rg8+ 30. Kh2 Rg2+ 31. Kh1 Rxe2+ 0-1

[Event "13. Open de la Constitucion 2011"]
[Site "San Sebastian de los ReyesESP"]
[Date "2011.12.04"]
[Round "3.33"]
[White "Ureña Castellanos, Antonio"]
[Black "Carballido Mateo, Ignacio"]
[Result "0-1"]
[WhiteElo "1648"]
[BlackElo "1500"]
[PlyCount "75"]
[EventDate "2011.12.02"]
[EventType "swiss"]
[EventRounds "9"]
[EventCountry "ESP"]
[Source "lmi"]
[SourceDate "2011.12.02"]

1. d4 d5 2. c4 dxc4 3. Nc3 c6 4. e4 b5 5. a3 Nf6 6. Bg5 Nbd7 7. Nf3 Qc7 8. h3
e6 9. Be2 g6 10. Qd2 b4 11. axb4 Bxb4 12. Qe3 Bb7 13. O-O O-O 14. Bxc4 c5 15.
Nb5 Qb6 16. Bxf6 Nxf6 17. e5 Nh5 18. Nd6 Bxf3 19. Qxf3 cxd4 20. Ra6 Qc5 21. g4
Qxe5 22. Nxf7 Qf4 23. Qxf4 Nxf4 24. Ng5 Kh8 25. Nxe6 Nxh3+ 26. Kg2 Nf4+ 27.
Nxf4 Rxf4 28. Kg3 g5 29. Bd5 Rd8 30. Bb3 Bc5 31. f3 Rd6 32. Ra5 Rc6 33. Rc1 Rb6
34. Bd5 Bd6 35. Rc8+ Rf8+ 36. Kf2 Rxc8 37. b3 Rc2+ 38. Kf1 0-1

[Event "13. Open de la Constitucion 2011"]
[Site "San Sebastian de los ReyesESP"]
[Date "2011.12.05"]
[Round "4.11"]
[White "Camarero Izquierdo, Juan Carlos"]
[Black "Martinez Montalvo, Eduardo"]
[Result "1-0"]
[WhiteElo "1915"]
[BlackElo "1787"]
[PlyCount "48"]
[EventDate "2011.12.02"]
[EventType "swiss"]
[EventRounds "9"]
[EventCountry "ESP"]
[Source "lmi"]
[SourceDate "2011.12.02"]

1. d4 f5 2. Nc3 Nf6 3. Bg5 d5 4. Bxf6 exf6 5. Qd3 Nc6 6. Nh3 Bb4 7. O-O-O Bxc3
8. Qxc3 O-O 9. Nf4 Qd6 10. e3 Nb4 11. Kb1 a5 12. a3 Nc6 13. Nxd5 Be6 14. Nf4
Bf7 15. Bc4 Bxc4 16. Qxc4+ Kh8 17. h4 Ne7 18. h5 c6 19. a4 Rfb8 20. Qb3 h6 21.
Rh3 b5 22. axb5 cxb5 23. Qe6 Rd8 24. Qxe7 Qxe7 1-0

[Event "13. Open de la Constitucion 2011"]
[Site "San Sebastian de los ReyesESP"]
[Date "2011.12.05"]
[Round "4.22"]
[White "Gonzalez Berrendero, Carlos"]
[Black "Hernandez Ramos, David"]
[Result "1-0"]
[WhiteElo "1761"]
[BlackElo "1574"]
[PlyCount "75"]
[EventDate "2011.12.02"]
[EventType "swiss"]
[EventRounds "9"]
[EventCountry "ESP"]
[Source "lmi"]
[SourceDate "2011.12.02"]

1. e4 e6 2. Nf3 d5 3. e5 c5 4. d4 Nc6 5. c3 Qb6 6. Be2 Nge7 7. dxc5 Qxc5 8. Be3
Qa5 9. b4 Qc7 10. Bf4 Ng6 11. Bg3 Ncxe5 12. Nxe5 Nxe5 13. Qd4 f6 14. Bh5+ Kd8
15. O-O Bd6 16. a4 Nc6 17. Bxd6 Qxd6 18. Qe3 e5 19. Nd2 Be6 20. b5 Ne7 21. Rfd1
Qc7 22. Nb3 b6 23. Rac1 Nf5 24. Qd3 g6 25. Bg4 Ke7 26. Bxf5 gxf5 27. Nd2 Rad8
28. Qh3 Qc5 29. Nf3 Qc4 30. Qh6 Rdg8 31. Nd4 exd4 32. cxd4 Qxa4 33. Rc7+ Kd8
34. Rdc1 Rg6 35. Qf4 Qb3 36. Rc8+ Ke7 37. Qc7+ Bd7 38. Re1+ 1-0

[Event "13. Open de la Constitucion 2011"]
[Site "San Sebastian de los ReyesESP"]
[Date "2011.12.06"]
[Round "5.23"]
[White "Martinez Montalvo, Eduardo"]
[Black "Farmer Negrini, Leo"]
[Result "1-0"]
[WhiteElo "1787"]
[BlackElo "1790"]
[PlyCount "97"]
[EventDate "2011.12.02"]
[EventType "swiss"]
[EventRounds "9"]
[EventCountry "ESP"]
[Source "lmi"]
[SourceDate "2011.12.02"]

1. e4 e5 2. f4 Nc6 3. Nc3 Bc5 4. Nf3 d6 5. Bb5 a6 6. Bxc6+ bxc6 7. fxe5 dxe5 8.
Nxe5 Qd4 9. Nd3 Ba7 10. Qf3 Nf6 11. Qf2 Qc4 12. Qf4 O-O 13. b3 Qd4 14. Bb2 Bg4
15. Nd5 Qxe4+ 16. Qxe4 Nxe4 17. Ne7+ Kh8 18. h3 Bh5 19. g4 Ng3 20. Rh2 Rfe8 21.
O-O-O Rxe7 22. gxh5 Nxh5 23. Ne5 Bc5 24. Nxc6 Re4 25. d4 Bd6 26. Rg2 Nf4 27.
Rg4 h5 28. Rg5 g6 29. Ne5 Kg8 30. Nd7 Re6 31. d5 Nxd5 32. Rgxd5 Rd8 33. Nf6+
Kf8 34. Nh7+ Ke8 35. Ng5 Re2 36. Kb1 Rd7 37. c4 Rg2 38. Bf6 Ba3 39. Re1+ Re7
40. Bxe7 Bxe7 41. Nxf7 Kxf7 42. Rd7 Rg3 43. Rdxe7+ Kf6 44. h4 Rg4 45. R7e4 Rg2
46. Rf4+ Kg7 47. Re7+ Kh6 48. Rff7 g5 49. Re6# 1-0

[Event "13. Open de la Constitucion 2011"]
[Site "San Sebastian de los ReyesESP"]
[Date "2011.12.06"]
[Round "5.33"]
[White "Carballido Mateo, Ignacio"]
[Black "Zumel Zea, Javier"]
[Result "0-1"]
[WhiteElo "1500"]
[BlackElo "1625"]
[PlyCount "78"]
[EventDate "2011.12.02"]
[EventType "swiss"]
[EventRounds "9"]
[EventCountry "ESP"]
[Source "lmi"]
[SourceDate "2011.12.02"]

1. b3 e5 2. Bb2 Nc6 3. e3 d5 4. Bb5 Bd6 5. Ne2 Bd7 6. d4 e4 7. c4 Nb4 8. Bxd7+
Qxd7 9. Nc1 Nf6 10. c5 Be7 11. a3 Nc6 12. b4 a6 13. Nc3 O-O 14. N1e2 b6 15. Qb3
a5 16. b5 Nd8 17. c6 Qg4 18. Nf4 Ne6 19. h3 Qg5 20. Ncxd5 Bd6 21. Nxf6+ Qxf6
22. Nd5 Qg5 23. O-O Rfd8 24. Nc3 Qg6 25. Qc2 Ng5 26. f4 Nxh3+ 27. Kh2 Ng5 28.
g3 Qh5+ 29. Kg1 Nf3+ 30. Rxf3 Qxf3 31. Kh2 f5 32. Qb3+ Kh8 33. Nd5 Re8 34. Nxc7
Bxc7 35. d5 Rad8 36. Rd1 Qf2+ 37. Kh3 Rd6 38. Kh4 Rh6+ 39. Kg5 Qxg3+ 0-1

[Event "13. Open de la Constitucion 2011"]
[Site "San Sebastian de los ReyesESP"]
[Date "2011.12.06"]
[Round "5.37"]
[White "Folgar Lopez, Angel"]
[Black "Bachiller Guitian, Eduardo"]
[Result "0-1"]
[WhiteElo "1623"]
[BlackElo "1423"]
[PlyCount "84"]
[EventDate "2011.12.02"]
[EventType "swiss"]
[EventRounds "9"]
[EventCountry "ESP"]
[Source "lmi"]
[SourceDate "2011.12.02"]

1. d4 e6 2. Nf3 d5 3. e3 c5 4. c3 Nf6 5. Bd3 c4 6. Bc2 Nc6 7. Nbd2 a5 8. O-O
Be7 9. Re1 b5 10. Qe2 O-O 11. e4 Qd7 12. e5 Ne8 13. Nf1 b4 14. Bd2 Ba6 15. Rad1
Qb7 16. Ng5 Bxg5 17. Bxg5 b3 18. axb3 cxb3 19. Bd3 Bxd3 20. Qxd3 h6 21. Bc1 Qe7
22. Qg3 Kh8 23. Qh3 f6 24. Bxh6 gxh6 25. Qxh6+ Kg8 26. Rd3 Qh7 27. Rg3+ Ng7 28.
Qe3 f5 29. Nd2 f4 30. Rxg7+ Qxg7 31. Qh3 Kf7 32. Nf3 a4 33. Qh5+ Qg6 34. Ng5+
Kg7 35. Qg4 Kh6 36. Qxe6 Qxe6 37. Nxe6 Rf7 38. Nc5 a3 39. bxa3 Rxa3 40. Rb1 b2
41. Re1 Ra1 42. Kf1 Rxe1+ 0-1

[Event "13. Open de la Constitucion 2011"]
[Site "San Sebastian de los ReyesESP"]
[Date "2011.12.07"]
[Round "6.13"]
[White "Garcia-ruiz Fuentes, Marcos"]
[Black "Martinez Montalvo, Eduardo"]
[Result "1-0"]
[WhiteElo "1841"]
[BlackElo "1787"]
[PlyCount "65"]
[EventDate "2011.12.02"]
[EventType "swiss"]
[EventRounds "9"]
[EventCountry "ESP"]
[Source "lmi"]
[SourceDate "2011.12.02"]

1. e4 e5 2. Bc4 f5 3. d4 exd4 4. Qxd4 Nc6 5. Qe3 fxe4 6. Qxe4+ Qe7 7. Nc3 Nf6
8. Qxe7+ Bxe7 9. Nf3 Na5 10. Bd3 O-O 11. Nb5 Bd8 12. Bf4 Nd5 13. Bd2 Nc6 14.
Bc4 Re8+ 15. Be3 Nce7 16. O-O-O Kh8 17. Bxd5 Nxd5 18. Rxd5 c6 19. Nd6 Rxe3 20.
fxe3 cxd5 21. Nf7+ Kg8 22. Nxd8 Kf8 23. Ng5 h6 24. Ngf7 b6 25. Rd1 Ba6 26. Rxd5
Bc4 27. Rxd7 Ke8 28. Rc7 Bxa2 29. b3 a5 30. Kb2 Bxb3 31. cxb3 a4 32. Ne6 a3+
33. Ka2 1-0

[Event "13. Open de la Constitucion 2011"]
[Site "San Sebastian de los ReyesESP"]
[Date "2011.12.07"]
[Round "6.28"]
[White "Bachiller Guitian, Eduardo"]
[Black "Cabeza Hernandez, Guillermo"]
[Result "0-1"]
[WhiteElo "1423"]
[BlackElo "1551"]
[PlyCount "64"]
[EventDate "2011.12.02"]
[EventType "swiss"]
[EventRounds "9"]
[EventCountry "ESP"]
[Source "lmi"]
[SourceDate "2011.12.02"]

1. e4 e5 2. Nf3 d6 3. d4 exd4 4. Nxd4 Nf6 5. Nc3 Be7 6. Be2 O-O 7. O-O Re8 8.
Bf3 h6 9. Re1 Bf8 10. Bf4 Nbd7 11. Nd5 c6 12. Nxf6+ Qxf6 13. Qd2 Ne5 14. Bxe5
Qxe5 15. Qe3 c5 16. Nb5 Re7 17. Nc3 Be6 18. Rab1 Rae8 19. b3 a6 20. Be2 g6 21.
f4 Qf6 22. Qd2 Bg7 23. Nd5 Bxd5 24. exd5 Qd4+ 25. Qxd4 Bxd4+ 26. Kf1 Bc3 27.
Kf2 Bxe1+ 28. Rxe1 b5 29. a3 Re4 30. g3 Kg7 31. c3 a5 32. Bxb5 Rxe1 0-1

[Event "13. Open de la Constitucion 2011"]
[Site "San Sebastian de los ReyesESP"]
[Date "2011.12.07"]
[Round "6.32"]
[White "Del Campo Lobo, Joaquin"]
[Black "Carballido Mateo, Ignacio"]
[Result "1-0"]
[WhiteElo "1608"]
[BlackElo "1500"]
[PlyCount "103"]
[EventDate "2011.12.02"]
[EventType "swiss"]
[EventRounds "9"]
[EventCountry "ESP"]
[Source "lmi"]
[SourceDate "2011.12.02"]

1. e4 c5 2. Nf3 d6 3. Bc4 Nc6 4. Nc3 e6 5. d3 h6 6. Bf4 e5 7. Bg3 Nf6 8. O-O
Bg4 9. Bb5 Be7 10. Bxc6+ bxc6 11. Qd2 Qb6 12. Rab1 Qa5 13. Nd1 Qxa2 14. Ne3
Bxf3 15. Ra1 Qe6 16. gxf3 g6 17. Ra6 Kd7 18. Rfa1 Rhc8 19. Rxa7+ Rxa7 20. Rxa7+
Ke8 21. Qa5 Nd7 22. Qa6 Nb8 23. Qb7 Qd7 24. Qxd7+ Nxd7 25. Nc4 f6 26. f4 d5 27.
Ne3 dxe4 28. dxe4 Rb8 29. Nc4 Nb6 30. Nxb6 Rxb6 31. b3 Bd6 32. fxe5 fxe5 33.
Kf1 Kf8 34. Ke2 Rb4 35. Ra4 Rxa4 36. bxa4 Ke8 37. c4 Kd7 38. Ke3 g5 39. h4 Kc7
40. hxg5 hxg5 41. f3 Kb6 42. Be1 Ka6 43. Kf2 Bc7 44. Kg3 Ba5 45. Bf2 Bd2 46.
Bxc5 Ka5 47. Bd6 Bf4+ 48. Kg4 Kxa4 49. Kf5 Kb3 50. Bxe5 Kxc4 51. Bxf4 gxf4 52.
Kxf4 1-0

[Event "13. Open de la Constitucion 2011"]
[Site "San Sebastian de los ReyesESP"]
[Date "2011.12.08"]
[Round "7.26"]
[White "Martinez Montalvo, Eduardo"]
[Black "Juberias Guillen, Paloma"]
[Result "1-0"]
[WhiteElo "1787"]
[BlackElo "1759"]
[PlyCount "47"]
[EventDate "2011.12.02"]
[EventType "swiss"]
[EventRounds "9"]
[EventCountry "ESP"]
[Source "lmi"]
[SourceDate "2011.12.02"]

1. e4 g6 2. d4 Bg7 3. Nc3 c5 4. d5 d6 5. f4 f5 6. Bb5+ Bd7 7. Bxd7+ Qxd7 8. Nf3
fxe4 9. Nxe4 Qb5 10. Neg5 Bxb2 11. Bxb2 Qxb2 12. Ne6 Na6 13. O-O Rb8 14. c4 Qb4
15. Qe2 Kd7 16. Rfe1 Qc3 17. Nfg5 h6 18. Ne4 Qb4 19. Rab1 Qa4 20. Qg4 h5 21.
Qh3 Qxa2 22. N6xc5+ Ke8 23. Nxd6+ Kf8 24. Ne6# 1-0

[Event "13. Open de la Constitucion 2011"]
[Site "San Sebastian de los ReyesESP"]
[Date "2011.12.09"]
[Round "8.17"]
[White "Martinez Montalvo, Eduardo"]
[Black "Gueler Berdasco, Martin"]
[Result "1-0"]
[WhiteElo "1787"]
[BlackElo "1879"]
[PlyCount "33"]
[EventDate "2011.12.02"]
[EventType "swiss"]
[EventRounds "9"]
[EventCountry "ESP"]
[Source "lmi"]
[SourceDate "2011.12.02"]

1. e4 c5 2. d4 cxd4 3. c3 dxc3 4. Nxc3 e5 5. Nf3 d6 6. Bc4 Be7 7. Qb3 Be6 8.
Bxe6 fxe6 9. Qxe6 Qd7 10. Ng5 Qxe6 11. Nxe6 Na6 12. Nxg7+ Kf7 13. Nf5 Nc5 14.
O-O Nf6 15. Nxe7 Kxe7 16. Bg5 Ne6 17. Nd5+ 1-0